Wireless network evolution 2G to 3G. (Record no. 6879)
[ view plain ]
| 000 -LEADER | |
|---|---|
| fixed length control field | 00634nam a22002172 4500 |
| 001 - CONTROL NUMBER | |
| control field | 0000005161 |
| 005 - DATE AND TIME OF LATEST TRANSACTION | |
| control field | 20151217151954.0 |
| 008 - FIXED-LENGTH DATA ELEMENTS--GENERAL INFORMATION | |
| fixed length control field | 070607s xx 000 0 eng d |
| 020 ## - INTERNATIONAL STANDARD BOOK NUMBER | |
| International Standard Book Number | 8129701731 : |
| 040 ## - CATALOGING SOURCE | |
| Original cataloging agency | KABU |
| Transcribing agency | KABU |
| 050 #0 - LIBRARY OF CONGRESS CALL NUMBER | |
| Classification number | TK5103.2 |
| Item number | .G37 |
| 100 1# - MAIN ENTRY--PERSONAL NAME | |
| Personal name | Garg, Vijay K. |
| -- | 0000156303 |
| 245 10 - TITLE STATEMENT | |
| Title | Wireless network evolution 2G to 3G. |
| 260 ## - PUBLICATION, DISTRIBUTION, ETC. (IMPRINT) | |
| Place of publication, distribution, etc. | Delhi : |
| Name of publisher, distributor, etc. | Pearson Education, |
| Date of publication, distribution, etc. | 2002. |
| 300 ## - PHYSICAL DESCRIPTION | |
| Extent | 790 p. |
| 650 #0 - SUBJECT ADDED ENTRY--TOPICAL TERM | |
| Topical term or geographic name as entry element | Wireless communication systems. |
| -- | 0000151097 |
| 908 ## - PUT COMMAND PARAMETER (RLIN) | |
| Put command parameter | 070607 |
| 950 ## - LOCAL HOLDINGS (RLIN) | |
| -- | 1 |
| Withdrawn status | Lost status | Source of classification or shelving scheme | Not for loan | Home library | Current library | Date acquired | Total Checkouts | Full call number | Barcode | Date last seen | Price effective from | Koha item type |
|---|---|---|---|---|---|---|---|---|---|---|---|---|
| Library of Congress Classification | Kabarak, Main Campus | Kabarak, Main Campus | 17/12/2015 | TK5103.2 .G37 | 009468 | 17/12/2015 | 17/12/2015 | General Collection | ||||
| Library of Congress Classification | Kabarak, Main Campus | Kabarak, Main Campus | 17/12/2015 | TK5103.2 .G37 | 003264 | 17/12/2015 | 17/12/2015 | General Collection |